000 00755nam a2200241Ia 4500
003 OSt
005 20220928102619.0
006 a|||||r|||| 00| 0
007 ta
008 220927b |||||||| |||| 00| 0 eng d
020 _cUSD 42.00
024 _a137371
037 _b202, 28/11/2017, Bookwell Publications
_cReports / Technical Reports
040 _aSDCL
_cSDCL
_beng
041 _2eng
_aeng
082 _aX9:6n1'P17, Q7
245 0 _aOECD business and finance outlook 2017
260 _aNew Delhi
_bOECD Better Policies for Better lives
_c2017
300 _a169p.
_ccm.
650 _aReference
942 _hX9:6n1'P17, Q7
_cREP
_2CC
999 _c715203
_d715203